000 00322nam a22001457a 4500
003 SGT
082 _a001.4071
_bC09H
100 _aHOUSER, RICH
245 _aCOUNSELING AND EDUCATIONAL RESEARCH
250 _a2ND
260 _aLONDON
_bSAGE
_c2009
300 _a277
650 _aEDUCATIONAL RESEARCH
942 _2ddc
_cBK
999 _c10465
_d10465